| 000 | 00795cab a22002175a 4500 | ||
|---|---|---|---|
| 001 | L155972 | ||
| 008 | 120424e20120331xxk 000 0 eng d | ||
| 035 | _a(Sirsi) u155972 | ||
| 041 | 0 | _aeng | |
| 100 | 1 | _aBilling, Petra | |
| 245 | 0 | 0 | _aLandlord insolvency - a tenant's guide |
| 260 | _c2012 | ||
| 490 |
_aEstates Gazette _v(1213) 31 March 2012, 88(1) |
||
| 520 | _aAdvice for tenants when a landlord gets into financial difficulty. Argues that tenants will rarely find their leases of help in such as situation and they instead need to understand the various parts of the general law affecting their position. | ||
| 590 | _aKA | ||
| 651 | 4 |
_aEngland and Wales _y1543- |
|
| 690 |
_aLandlord and tenant _96252 |
||
| 690 |
_aInsolvency _96247 |
||
| 700 | 1 | _aRedman, Nicholas | |
| 942 | _n0 | ||
| 999 |
_c83937 _d83937 |
||